Najbardziej lubiane kolory - Statystyki

Ogólne statystyki
  • Ten quiz został rozwiązany 1 953 razy
  • Średni wynik to 15 z 34
Statystyki odpowiedzi
Prawdopodobieństwo lubienia tego koloru Kolor % Poprawnych
13.5 Czarny
98%
3.1 Niebieski
97%
7.1 Czerwony
96%
7.9 Zielony
96%
15 Biały
95%
12 Różowy
95%
12.9 Żółty
94%
302 Fioletowy
92%
19.8 Pomarańczowy
89%
25 Brązowy
87%
98 Szary
84%
74 Granatowy
72%
5.2 tys. Złoty
62%
225 Srebrny
54%
32 tys. Beżowy
50%
249 Błękitny
46%
987 Morski
32%
478 Miętowy
26%
10.8 Purpurowy
24%
tu wpisz pauzę -
19%
3.8 tys. Limonkowy
19%
2.2 tys. Liliowy
15%
6.7 tys. Pudrowy
15%
54 tys. Lawendowy
11%
1.5 tys. Cytrynowy
10%
125 Magenta
9%
192 Cyjanowy
6%
287 Bursztynowy
4%
610 Kasztanowy
4%
88 tys. Platynowy
4%
156 Waniliowy
3%
21 tys. Ametystowy
2%
127 tys. Płowy
2%
NAJMNIEJ LUBIANY (określany jako najbrzydszy) KOLOR! Pantone 448C
1%
Nie znaleziono quizów pasujących do podanych kryteriów
Rozkład punktacji
Procent ludzi z każdym wynikiem
Percentyl według liczby udzielonych odpowiedzi
Twoja historia wyników
Nie rozwiązałeś tego quizu